000 00643nam a2200193 a 4500
020 _a0030112745
082 0 0 _a515
_bZIT
_cL-38, P-44
100 1 _aZitarelli, David E.
_939218
245 1 0 _aFinite mathematics with calculus :
_ban applied approach /
_cDavid E. Zitarelli, Raymond F. Coughlin.
260 _aPhiladelphia :
_bSaunders College Pub.,
_cc1989.
300 _a1 v. (various pagings) :
_bill. (some col.) ;
_c25 cm.
500 _aIncludes indexes.
526 _a0
_b0
_c0
_d515_000000000000000_ZIT
650 0 _aCalculus.
650 0 _aMathematics.
650 0 _aMCE
_9379
700 1 _aCoughlin, Raymond F.
_939219
942 _2ddc
_cBK
999 _c543738
_d543738